01598nam a2200397 a 4500001001200000003000800012006001900020007001500039008004100054010001700095020004200112020002700154040002100181035002100202050002300223082001800246100003700264245010100301260006200402300001800464490007900482504005100561533015200612650002700764650002500791650002100816650002700837650001900864650002500883650003300908655002900941710001700970830006800987856012601055999001901181ebr10470488CaPaEBRm u cr cn|||||||||101221s2011 ne sb 001 0 eng d z 2010053774 z9789004172326 (hardback : alk. paper) z9789047425793 (e-book) aCaPaEBRcCaPaEBR a(OCoLC)84746463814aK3258b.T46 2011eb04a342.08/522221 aThompson, A. K.q(Anthony Keith)10aReligious confession privilege at the common lawh[electronic resource] /cby A. Keith Thompson. aLeiden ;aBoston [Mass.] :bM. Nijhoff Publishers,c2011. axxvii, 395 p.1 aStudies in religion, secular beliefs, and human rights,x1871-7829 ;vv. 9 aIncludes bibliographical references and index. aElectronic reproduction.bPalo Alto, Calif. :cebrary,d2013.nAvailable via World Wide Web.nAccess may be limited to ebrary affiliated libraries. 0aLiberty of conscience. 0aFreedom of religion. 0aConfession (Law) 0aConfession (Canon law) 0aEvidence (Law) 0aEvidence (Canon law) 0aConfidential communications. 7aElectronic books.2local2 aebrary, Inc. 0aStudies in religion, secular beliefs, and human rights ;vv. 9.40uhttp://site.ebrary.com/lib/rucke/Doc?id=10470488zAn electronic book accessible through the World Wide Web; click to view c214777d214777